<?xml version="1.0" encoding="UTF-8"?>
<record
    xmlns:xsi="http://www.w3.org/2001/XMLSchema-instance"
    xsi:schemaLocation="http://www.loc.gov/MARC21/slim http://www.loc.gov/standards/marcxml/schema/MARC21slim.xsd"
    xmlns="http://www.loc.gov/MARC21/slim">

  <leader>01524ngm a22003377ib4500</leader>
  <controlfield tag="001">IT\ICCU\FER\0174976</controlfield>
  <controlfield tag="003">ItRI</controlfield>
  <controlfield tag="005">20260124182916.0</controlfield>
  <controlfield tag="008">991029s1993    it |||||||||||||||k|||||c</controlfield>
  <datafield tag="040" ind1=" " ind2=" ">
    <subfield code="b">ita</subfield>
  </datafield>
  <datafield tag="041" ind1=" " ind2="7">
    <subfield code="a">ita</subfield>
    <subfield code="2">ISO-639-2</subfield>
  </datafield>
  <datafield tag="082" ind1=" " ind2=" ">
    <subfield code="a">791.43</subfield>
    <subfield code="9">CINEMA</subfield>
    <subfield code="2">19</subfield>
  </datafield>
  <datafield tag="130" ind1="0" ind2=" ">
    <subfield code="a">Psyco &lt;film ; 1960&gt;</subfield>
    <subfield code="3">IT\ICCU\CAG\0798036</subfield>
  </datafield>
  <datafield tag="245" ind1="0" ind2="3">
    <subfield code="a">2: Psycho /</subfield>
    <subfield code="c">regia di Alfred Hitchcock ; sceneggiatura di Joseph Stefano ; da un romanzo di Robert Bloch.</subfield>
  </datafield>
  <datafield tag="260" ind1=" " ind2=" ">
    <subfield code="a">Novara :</subfield>
    <subfield code="b">Istituto geografico De Agostini,</subfield>
    <subfield code="c">c1993</subfield>
  </datafield>
  <datafield tag="300" ind1=" " ind2=" ">
    <subfield code="a">1 videocassetta (VHS) (104 min.) :</subfield>
    <subfield code="b">b/n, son. +</subfield>
    <subfield code="e">1 fasc. (20 p.)</subfield>
  </datafield>
  <datafield tag="500" ind1=" " ind2=" ">
    <subfield code="a">Tit. del contenitore</subfield>
  </datafield>
  <datafield tag="500" ind1=" " ind2=" ">
    <subfield code="a">Film del 1960, USA; interpreti: Anthony Perkins, Janet Liegh, Vera Miles, Martin Balsam, John Gavin, John McIntire.</subfield>
  </datafield>
  <datafield tag="500" ind1=" " ind2=" ">
    <subfield code="a">pubblicato anche come numero 1</subfield>
    <subfield code="9">IT\ICCU\CFI\0329977</subfield>
  </datafield>
  <datafield tag="700" ind1="1" ind2=" ">
    <subfield code="a">Leigh, Janet,</subfield>
    <subfield code="d"> (1927-2004)</subfield>
    <subfield code="0">IT\ICCU\BVEV\050715</subfield>
  </datafield>
  <datafield tag="700" ind1="1" ind2=" ">
    <subfield code="a">Hitchcock, Alfred</subfield>
    <subfield code="0">IT\ICCU\CFIV\007729</subfield>
  </datafield>
  <datafield tag="700" ind1="1" ind2=" ">
    <subfield code="a">Bloch, Robert</subfield>
    <subfield code="0">IT\ICCU\CFIV\101705</subfield>
  </datafield>
  <datafield tag="700" ind1="1" ind2=" ">
    <subfield code="a">Perkins, Anthony</subfield>
    <subfield code="0">IT\ICCU\RAVV\088455</subfield>
  </datafield>
  <datafield tag="700" ind1="1" ind2=" ">
    <subfield code="a">Stefano, Joseph</subfield>
    <subfield code="0">IT\ICCU\RAVV\089547</subfield>
  </datafield>
  <datafield tag="700" ind1="1" ind2=" ">
    <subfield code="a">Miles, Vera</subfield>
    <subfield code="0">IT\ICCU\RAVV\089548</subfield>
  </datafield>
  <datafield tag="773" ind1="1" ind2=" ">
    <subfield code="w">IT\ICCU\CFI\0329977</subfield>
    <subfield code="t">I grandi capolavori del brivido</subfield>
    <subfield code="g">2</subfield>
    <subfield code="a">Hitchcock, Alfred</subfield>
    <subfield code="0">IT\ICCU\CFIV\007729</subfield>
  </datafield>
  <datafield tag="790" ind1="1" ind2=" ">
    <subfield code="a">Hitchcock, Alfred Joseph</subfield>
    <subfield code="3">IT\ICCU\SBNV\034806</subfield>
    <subfield code="z">Hitchcock, Alfred</subfield>
  </datafield>
  <datafield tag="790" ind1="1" ind2=" ">
    <subfield code="a">Bloch, Robert Albert</subfield>
    <subfield code="3">IT\ICCU\RAVV\694302</subfield>
    <subfield code="z">Bloch, Robert</subfield>
  </datafield>
  <datafield tag="790" ind1="1" ind2=" ">
    <subfield code="a">Perkins, Tony</subfield>
    <subfield code="3">IT\ICCU\SBNV\113226</subfield>
    <subfield code="z">Perkins, Anthony</subfield>
  </datafield>
  <datafield tag="942" ind1=" " ind2=" ">
    <subfield code="2">ddc</subfield>
    <subfield code="c">VM</subfield>
    <subfield code="n">0</subfield>
  </datafield>
  <datafield tag="999" ind1=" " ind2=" ">
    <subfield code="c">23662</subfield>
    <subfield code="d">23662</subfield>
  </datafield>
  <datafield tag="952" ind1=" " ind2=" ">
    <subfield code="0">0</subfield>
    <subfield code="1">0</subfield>
    <subfield code="4">0</subfield>
    <subfield code="7">0</subfield>
    <subfield code="a">BO</subfield>
    <subfield code="b">BO</subfield>
    <subfield code="d">2026-01-24</subfield>
    <subfield code="i">6982</subfield>
    <subfield code="l">0</subfield>
    <subfield code="o">VO 402</subfield>
    <subfield code="p">BO6982</subfield>
    <subfield code="r">2026-01-24 18:29:16</subfield>
    <subfield code="w">2026-01-24</subfield>
    <subfield code="y">VM</subfield>
    <subfield code="z">1 videocassetta</subfield>
  </datafield>
</record>
